Държави по буква - A - Statistics

General Stats
  • This quiz has been taken 122 times
  • The average score is 8 of 11
Answer Stats
Държава % Correct
Австрия
80%
Ангола
80%
Азербайджан
78%
Австралия
77%
Армения
77%
Албания
73%
Алжир
72%
Андора
72%
Аржентина
72%
Афганистан
61%
Антигуа и Барбуда
57%
No matching quizzes found
Score Distribution
Percent of People with Each Score
Percentile by Number Answered
Your Score History
You have not taken this quiz